000 00769nam a2200277 a 4500
001 vtls001528667
003 NLI
005 20210627144830.0
008 121212s1952 nyu 001 0 eng
039 9 _y201212121618
_zVLOAD
040 0 _aNLI
_beng
_cXData_1
_eAACR2
041 0 _aeng
044 _anyu
082 _a149579
100 1 _aWalter, Paul A. F.
_9758858
245 1 0 _aRace and culture relations /
_cPaul A. F. Walter
260 _aNew York :
_bMcGraw-Hill Book,
_c1952
300 _axi, 482 p. ;
_c25 cm.
500 _aIncludes index
650 0 _aPolitical anthropology
_9748477
887 _a
901 _aIMP299250
_b19.05.1954
902 _a149 B 579
949 _AVIRTUAITEM
_D10000
_X100
_6IMP000299250ENG
942 _2ddc
_cBKS
999 _aVIRTUA40
_c977966
_d977966